| 000 | 00765cam a2200229 4500 | ||
|---|---|---|---|
| 001 | WB3615-15 | ||
| 008 | 000000n2000 000 0 eng u | ||
| 035 | _a(Sirsi) u105353 | ||
| 245 | _aRise in home prices | ||
| 260 | _c2000 | ||
| 490 |
_aTimes _v 12 April 2000, 28 |
||
| 490 |
_aHerald _v 12 April 2000, 2(3) |
||
| 520 | _aResults of the Nationwide survey suggests property prices are still rising, whilst the latest Halifax figures show a drop in property prices. Suggests that both indices should be considered together. | ||
| 590 | _aWB | ||
| 650 | _aNATIONWIDE | ||
| 650 | _aHALIFAX | ||
| 650 | _aINDICES | ||
| 650 | _aFORECASTS | ||
| 650 | _aHOUSING MARKET | ||
| 690 | _aPROPERTY-RESIDENTIAL PROPERTY-RESIDENTIAL PROPERTY MARKET | ||
| 942 | _n0 | ||
| 999 |
_c63155 _d63155 |
||